| 000 -CABECERA |
| campo de control de longitud fija |
01121nam a2200277 a 4500 |
| 001 - NÚMERO DE CONTROL |
| campo de control |
000081402 |
| 005 - FECHA Y HORA DE LA ÚLTIMA TRANSACCIÓN |
| campo de control |
20200120224527.0 |
| 008 - DATOS DE LONGITUD FIJA--INFORMACIÓN GENERAL |
| campo de control de longitud fija |
161121s2015 ck d|||e o||| 001 edspa d |
| 020 ## - NÚMERO INTERNACIONAL ESTÁNDAR DEL LIBRO |
| Número Internacional Estándar del Libro |
9789588806891 |
| 041 0# - CÓDIGO DE LENGUA |
| Código de lengua del texto/banda sonora o título independiente |
/#spa |
| 043 ## - CÓDIGO DE ÁREA GEOGRÁFICA |
| Código de área geográfica |
s-ck--- |
| 082 04 - NÚMERO DE LA CLASIFICACIÓN DECIMAL DEWEY |
| Número de clasificación |
303.62 |
| Número de documento/Ítem |
R15 |
| Número de edición |
21 |
| 100 1# - ENTRADA PRINCIPAL--NOMBRE DE PERSONA |
| Nombre de persona |
Ramírez Bonilla, Laura Camila |
| 245 10 - MENCIÓN DE TÍTULO |
| Título |
Entre altares y mesas de diálogo : |
| Resto del título |
el episcopado colombiano en acercamientos de paz con grupos armados ilegales (1994-2006) / |
| Mención de responsabilidad, etc. |
Laura Camia Ramírez Bonilla. |
| 250 ## - MENCIÓN DE EDICIÓN |
| Mención de edición |
1a. ed. |
| 260 ## - PUBLICACIÓN, DISTRIBUCIÓN, ETC. |
| Lugar de publicación, distribución, etc. |
Bogotá : |
| Nombre del editor, distribuidor, etc. |
Penguin Random House Grupo Editorial, |
| Fecha de publicación, distribución, etc. |
2015. |
| 300 ## - DESCRIPCIÓN FÍSICA |
| Extensión |
415 página : |
| Otras características físicas |
gráficas ; diagrámas. |
| 490 #0 - MENCIÓN DE SERIE |
| Mención de serie |
Biblioteca IEPRI. 25 años. |
| 500 ## - NOTA GENERAL |
| Nota general |
Incluye índice y anexos |
| 504 ## - NOTA DE BIBLIOGRAFÍA, ETC. |
| Nota de bibliografía, etc. |
Referencias bibliográficas p. 404-415 |
| 650 17 - PUNTO DE ACCESO ADICIONAL DE MATERIA--TÉRMINO DE MATERIA |
| Término de materia o nombre geográfico como elemento de entrada |
Iglesia católica |
| Subdivisión general |
Aspectos sociales |
| Subdivisión cronológica |
1994-2006 |
| Subdivisión geográfica |
Colombia |
| Fuente del encabezamiento o término |
LEMB |
| 650 27 - PUNTO DE ACCESO ADICIONAL DE MATERIA--TÉRMINO DE MATERIA |
| Término de materia o nombre geográfico como elemento de entrada |
Dialogos de paz |
| Subdivisión cronológica |
1994-2006 |
| Subdivisión geográfica |
Colombia |
| Fuente del encabezamiento o término |
LEMB |
| 650 27 - PUNTO DE ACCESO ADICIONAL DE MATERIA--TÉRMINO DE MATERIA |
| Término de materia o nombre geográfico como elemento de entrada |
Grupos subversivos |
| Subdivisión cronológica |
1994-2006 |
| Subdivisión geográfica |
Colombia |
| Fuente del encabezamiento o término |
LEMB |
| 650 27 - PUNTO DE ACCESO ADICIONAL DE MATERIA--TÉRMINO DE MATERIA |
| Término de materia o nombre geográfico como elemento de entrada |
Conflicto armado |
| Subdivisión cronológica |
1994-2006 |
| Subdivisión geográfica |
Colombia |
| Fuente del encabezamiento o término |
LEMB |
| 650 27 - PUNTO DE ACCESO ADICIONAL DE MATERIA--TÉRMINO DE MATERIA |
| Término de materia o nombre geográfico como elemento de entrada |
Iglesia católica y problemas sociales |
| Subdivisión cronológica |
1994-2006 |
| Subdivisión geográfica |
Colombia |
| Fuente del encabezamiento o término |
LEMB |